| 000 | 00740cab a2200241 4500 | ||
|---|---|---|---|
| 001 | WB3414-36 | ||
| 008 | 090401t1998 xxu||||| |||| 00| 0 eng d | ||
| 035 | _a(Sirsi) u85519 | ||
| 041 | _aeng | ||
| 245 | _aThreat to car parking | ||
| 260 | _c1998 | ||
| 350 | _a0 | ||
| 490 |
_aEstates Gazette _v(9814) 4 April 1998, 40(1) |
||
| 520 | _aThe DETR has commissioned a consortium to carry out a major review of parking standards, which will consider limiting car parking at new commercial developments. | ||
| 650 | _aCAR PARKING | ||
| 650 | _aCOMMERCIAL DEVELOPMENTS | ||
| 650 | _aDETR | ||
| 650 | _aPARKING SPACES | ||
| 650 | _aPARKING STANDARDS | ||
| 690 | _aTRANSPORT AND COMMUNICATIONS | ||
| 942 | _n0 | ||
| 948 | _c08/04/1998 | ||
| 999 |
_c53781 _d53781 |
||